00466nam a22001697a 450000500170000000800410001704000090005804100120006710000260007924500610010525000170016626000350018330000100021844000350022865000150026370000180027820250421124210.0250421b |||||||| |||| 00| 0 eng d aMAIN aEnglish aMattingly Shaunn Eric aMost New Bussiness Fail, But Mine Won't.......Right ? aLos Angeles  aSAGEbLos Angeles Londonc2016 a70-88 aThe Journal of Entreprenurship aManagement aKushev Trayan